| 000 | 00696nam a2200205Ia 4500 | ||
|---|---|---|---|
| 005 | 20241129111004.0 | ||
| 008 | 241129s9999||||xx |||||||||||||| ||und|| | ||
| 020 | _a81-7380-213-0 | ||
| 037 | _aREF | ||
| 040 |
_aCRL _bpun _cCRL |
||
| 041 |
_apun _2pun |
||
| 084 |
_aO164:4k 153N6;Q6(RR) _qCRL |
||
| 245 | 0 | _aਪੰਜਾਬੀ ਯੂਨੀਵਰਸਿਟੀ ਫ਼ਾਰਸੀ ਪੰਜਾਬੀ ਕੋਸ਼ | |
| 260 |
_aਪਟਿਆਲਾ, ਭਾਰਤ _bਪਬਲੀਕੇਸ਼ਨ ਬਿਊਰੋ _c2016 |
||
| 300 | _a1017ਪ੍ਰ0 | ||
| 365 |
_aINR _b800 |
||
| 650 |
_aPersian Dictionary _9723053 |
||
| 942 |
_cREF _hO164:4k 153N6;Q6(RR) |
||
| 999 |
_c1228421 _d1228421 |
||